00769nam a2200217Ia 4500003000900000008004100009020001800050040001600068080001900084100002800103245012500131260004900256300001400305650004100319650003200360650001500392650002700407942000700434999001500441952009500456IN-BaIIA211028s9999 xx 000 0 eng d a0-87590-215-4 cIIA Library a551.594.5bEAT aEather, Robert H912316 0aMajestic lightsbthe aurora in science, history and the artscRobert H Eather  aWashingtonbAmerican Geophysical Unionc1980 aix, 323p. aAstronomy and astrophysics thesaurus aAtmospheric radiation94010 aAurora970 aMajestic lights912317 cBK c7182d7182 00104070aBANbBANcGENd1982-10-04l0o551.594.5/ EATp7978r2021-11-05w1982-10-04yBK